| 000 | 00355nam a22001457a 4500 | ||
|---|---|---|---|
| 008 | 250314b |||||||| |||| 00| 0 eng d | ||
| 020 | _a9780323449137 | ||
| 050 |
_aRT89 _bL43 |
||
| 100 | _aYoder-wise, Patricia S | ||
| 245 | _aLeading and Managing in Nursing. | ||
| 250 | _a7th | ||
| 260 |
_aMissouri _bElsevier _c2019 |
||
| 300 | _axxv,566p | ||
| 942 | _cBK | ||
| 999 |
_c2338 _d2338 |
||